000 00367 a2200169 4500
001 175621
020 _a85-16-00544-5
040 _cMagnum
100 _aBraz, Julio Emilio
240 1 0 _aCrianças na escuridão
_lpor
245 1 0 _aCrianças na escuridão
300 _a54
362 0 _a1996
440 1 _aModerna
697 _aLITERATURA JUVENIL
942 _cBK
999 _c175621
_d175621